| 000 | 00833nam a22002057a 4500 | ||
|---|---|---|---|
| 005 | 20210325185635.0 | ||
| 008 | s2536 th tha d | ||
| 041 | _atha | ||
| 090 | _aอศ ส287ป | ||
| 245 | 1 | 0 | _aประมวลความรู้เรื่องตราสารหนี้ |
| 260 | 3 |
_aกรุงเทพฯ : _bอัมรินทร์พริ้นติ้ง แอนด์พับลิชชิ่ง, _c2536 |
|
| 300 |
_a100 หน้า : _b ภาพประกอบ |
||
| 650 | 0 | 4 | _aตลาดหลักทรัพย์ |
| 650 | 0 | 4 | _aสมหมาย ฮุนตระกูล, 2461--2536 |
| 650 | 0 | 4 | _aหุ้นและการเล่นหุ้น |
| 850 | _aNALT | ||
| 942 | _cCRE | ||
| 997 | _c000000000023487 | ||
| 998 | _aVSINEE MUNKLAD | ||
| 999 |
_c23487 _d23487 |
||